Logo BPK

Biblioteka

Politechniki Koszalińskiej

Difuzija nejtronov v geterogennych sredach / (Rekord nr 12822)

Szczegóły MARC
000 -ETYKIETA REKORDU
podpole kontrolne o stałej długości 00436nam a2200169 i 4500
001 - NUMER KONTROLNY REKORDU
pole kontrolne bg
040 ## - ŹRÓDŁO KATALOGOWANIA
Instytucja, która utworzyła rekord BPK
041 ## - KOD JĘZYKA
Kod języka tekstu pol
080 ## - UNIWERSALNA KLASYFIKACJA DZIESIĘTNA - UKD
UKD 621.039.51
008 - POLE O STAŁEJ DŁUGOŚCI - DANE KONTROLNE
podpole kontrolne o stałej długości s pl f |000 0 pol
100 1# - NAZWA OSOBOWA
Nazwa osobowa Grigo~7rev, I. S.
245 #0 - TYTUŁ/ODPOWIEDZIALNOŚĆ
Tytuł Difuzija nejtronov v geterogennych sredach /
Pozostałe elementy strefy tytułu i oznaczenia odpowiedzialności I. S. Grigor'ev, V. M. Novikov.
260 ## - STREFA ADRESU WYDAWNICZEGO
Miejsce wydania Moskva :
Nazwa wydawcy/dystrybutora Atomizdat,
Data publikacji, dystrybucji/powstania dokumentu 1966.
300 ## - STREFA OPISU FIZYCZNEGO
Objętość s. 174.
700 1# - HASŁO DODATKOWE - NAZWA OSOBOWA
Nazwa osobowa Novikov, V. M.
942 ## - DODATKOWE ELEMENTY (KOHA)
Typ dokumentu Książka
Egzemplarze
Wycofany Status egzemplarza Uszkodzony Dostępność Lokalizacja stała Lokalizacja bieżąca Miejsce przechowywania Sygnatura Kod kreskowy Typ dokumentu
      Dostępny Biblioteka Politechniki Koszalińskiej Biblioteka Politechniki Koszalińskiej Wypożyczalnia BG 7762 01789225 Książka
© 2023 Biblioteka Politechniki Koszalińskiej :: KOHA